La barca de hielo
Guardat en:
| Autor principal: | |
|---|---|
| Format: | Llibre |
| Idioma: | espanyol |
| Publicat: |
Buenos Aires
Sudamericana
1967
|
| Matèries: | |
| Etiquetes: |
Afegir etiqueta
Sense etiquetes, Sigues el primer a etiquetar aquest registre!
|
MARC
| LEADER | 00000nam a2200000 a 4500 | ||
|---|---|---|---|
| 001 | UCQ6534 | ||
| 003 | CL-VaPUC | ||
| 008 | 981016e19670000AG |||||||||||||||||spa|d | ||
| 082 | 0 | 4 | |a Ar863 |b MAL |2 21 |
| 100 | |a Mallea, Eduardo |e autor |9 541859 | ||
| 245 | 1 | 3 | |a La barca de hielo |
| 300 | |a 223 p | ||
| 942 | |c BK | ||
| 945 | |d 19981016 00:00:00 |a crobeson | ||
| 260 | |a Buenos Aires |b Sudamericana |c 1967 | ||
| 650 | 0 | |a Novelas argentinas |9 267871 | |
| 650 | 0 | |a Literatura argentina |9 320596 | |
| 583 | |a last modification |c 19981016 00:00:00 |k Rodrigo Vera | ||
| 999 | |c 276484 |d 276482 | ||
| 952 | |0 0 |1 0 |4 0 |6 AR_863_000000000000000_MAL_1967 |7 0 |8 A |9 313742 |a BIBEDU |b BIBEDU |d 2019-11-20 |i 148284K |o Ar863 MAL 1967 |p 148284K |r 2019-11-20 |w 2019-11-20 |y BK |k LIT | ||